[Event "POL-chT 2nd League"]
[Site "Ustron"]
[Date "2008.09.07"]
[Round "2.79"]
[White "Wieclaw, Michal"]
[Black "Flis, Jacek"]
[Result "1-0"]
[WhiteElo "2220"]
[BlackElo "2302"]
[PlyCount "63"]
[EventDate "2008.09.06"]
[EventType "team-swiss"]
[EventRounds "9"]
[EventCountry "POL"]
[SourceTitle "EXT 2015"]
[Source "ChessBase"]
[SourceDate "2014.11.20"]
[SourceVersion "1"]
[SourceVersionDate "2014.11.20"]
[SourceQuality "1"]
[WhiteTeam "Poznan Lech"]
[BlackTeam "Czestochowa UKS Hetman"]
[WhiteTeamCountry "POL"]
[BlackTeamCountry "POL"]

1. e4 c5 2. Nf3 e6 3. d4 cxd4 4. Nxd4 Nc6 5. Nc3 Qc7 6. Be2 a6 7. 0-0 Nf6 8. Kh1 d6 9. f4 Be7 10. Be3 0-0 11. Qe1 Bd7 12. Qg3 b5 13. a3 Rac8 14. Rad1 Nxd4 15. Bxd4 Bc6 16. Bf3 Qb7 17. Rfe1 Rfd8 18. Nd5 Ne8 19. Nxe7+ Qxe7 20. Bc3 Rd7 21. Rd3 Qd8 22. Red1 Ba8 23. h3 h6 24. f5 Qg5 25. Qxg5 hxg5 26. fxe6 fxe6 27. Bg4 Re7 28. e5 dxe5 29. Bb4 e4 30. Bxe7 exd3 31. Bxe6+ Kh7 32. Bxc8 1-0

[Event "POL-chT 2nd League"]
[Site "Ustron"]
[Date "2008.09.06"]
[Round "1.37"]
[White "Wisniewski, Adrian"]
[Black "Wieclaw, Michal"]
[Result "1-0"]
[WhiteElo "2361"]
[BlackElo "2220"]
[PlyCount "61"]
[EventDate "2008.09.06"]
[EventType "team-swiss"]
[EventRounds "9"]
[EventCountry "POL"]
[SourceTitle "EXT 2015"]
[Source "ChessBase"]
[SourceDate "2014.11.20"]
[SourceVersion "1"]
[SourceVersionDate "2014.11.20"]
[SourceQuality "1"]
[WhiteTeam "Chroscice LZS Victoria"]
[BlackTeam "Poznan Lech"]
[WhiteTeamCountry "POL"]
[BlackTeamCountry "POL"]

1. e4 e6 2. d3 d5 3. Nd2 Nf6 4. Ngf3 c5 5. g3 Nc6 6. Bg2 b6 7. 0-0 Bb7 8. Re1 Qc7 9. exd5 Nxd5 10. Ng5 Nf6 11. Nc4 Be7 12. Bf4 Qc8 13. Bd6 b5 14. Bxe7 Kxe7 15. Nd2 Nd4 16. Nge4 Qc6 17. c3 Nf5 18. Bf3 Qb6 19. a4 a6 20. Nxf6 gxf6 21. Bxb7 Qxb7 22. Ne4 Qd5 23. Qf3 h5 24. Qf4 Rhc8 25. axb5 axb5 26. Rxa8 Qxa8 27. Qf3 Qd5 28. Qxh5 Rd8 29. Qf3 Rf8 30. g4 Nh4 31. Qxf6+ 1-0

[Event "Poznan op-A 17th"]
[Site "Poznan"]
[Date "2008.07.24"]
[Round "6"]
[White "Graca, Robert"]
[Black "Wieclaw, Michal"]
[Result "0-1"]
[WhiteElo "2104"]
[BlackElo "2220"]
[PlyCount "88"]
[EventDate "2008.07.19"]
[EventType "swiss"]
[EventRounds "9"]
[EventCountry "POL"]
[SourceTitle "EXT 2009"]
[Source "ChessBase"]
[SourceDate "2008.11.26"]
[SourceVersion "1"]
[SourceVersionDate "2008.11.26"]
[SourceQuality "1"]

1. d4 Nf6 2. c4 c5 3. d5 b5 4. cxb5 a6 5. bxa6 Bxa6 6. Nc3 g6 7. Nf3 d6 8. g3 Bg7 9. Bg2 Nbd7 10. Rb1 Qa5 11. 0-0 0-0 12. Bd2 Rfb8 13. Qc2 Ng4 14. a4 Nge5 15. Nxe5 Nxe5 16. b3 Qd8 17. h3 Ra7 18. Rfe1 Rab7 19. f4 Nd7 20. Na2 Qc8 21. e4 c4 22. b4 c3 23. Rec1 Nc5 24. Bxc3 Bd3 25. Qd2 Bxc3 26. Qxc3 Bxb1 27. Rxb1 Nxa4 28. Qc6 Qe8 29. e5 Rb6 30. Qc2 Rc8 31. Qd2 Rb7 32. Re1 Qb5 33. Kh2 Rbc7 34. Rc1 Rxc1 35. Nxc1 Nc3 36. exd6 exd6 37. f5 Qc4 38. fxg6 hxg6 39. Qd3 Qxb4 40. Ne2 Nxe2 41. Qxe2 Qd4 42. Qa6 Rc2 43. Qxd6 Qe4 44. Qd8+ Kg7 0-1

[Event "Rewal op-A 12th"]
[Site "Rewal"]
[Date "2007.08.25"]
[Round "5"]
[White "Tokarski, Bartosz"]
[Black "Wieclaw, Michal"]
[Result "1/2-1/2"]
[WhiteElo "2100"]
[BlackElo "2228"]
[PlyCount "40"]
[EventDate "2007.08.20"]
[EventType "swiss"]
[EventRounds "9"]
[EventCountry "POL"]
[SourceTitle "CBM 120 Extra"]
[Source "ChessBase"]
[SourceDate "2007.11.01"]
[SourceVersion "1"]
[SourceVersionDate "2007.11.01"]
[SourceQuality "1"]

1. e4 e6 2. d4 d5 3. Nc3 Nf6 4. Bg5 Bb4 5. e5 h6 6. Be3 Ne4 7. Qg4 g6 8. a3 Bxc3+ 9. bxc3 Nxc3 10. Bd3 Nc6 11. h4 Bd7 12. h5 g5 13. f4 f5 14. exf6 e5 15. Bf5 exf4 16. Bxf4 Bxf5 17. Qxf5 gxf4 18. Qg6+ Kd7 19. Qf5+ Ke8 20. Qg6+ Kd7 1/2-1/2

[Event "POL-ch U20"]
[Site "Sroda Wielkopolska"]
[Date "2007.02.06"]
[Round "11"]
[White "Kanarek, Marcel"]
[Black "Wieclaw, Michal"]
[Result "1/2-1/2"]
[WhiteElo "2237"]
[BlackElo "2229"]
[PlyCount "51"]
[EventDate "2007.01.27"]
[EventType "tourn"]
[EventRounds "11"]
[EventCountry "POL"]
[EventCategory "5"]
[SourceTitle "EXT 2010"]
[Source "ChessBase"]
[SourceDate "2010.11.25"]
[SourceVersion "1"]
[SourceVersionDate "2010.11.25"]
[SourceQuality "1"]

1. e4 e6 2. d4 d5 3. Nc3 Nf6 4. Bg5 Bb4 5. e5 h6 6. Bd2 Bxc3 7. bxc3 Ne4 8. Bd3 Nxd2 9. Qxd2 c5 10. dxc5 Qa5 11. Nf3 Bd7 12. 0-0 Bc6 13. Nd4 Qxc5 14. f4 g6 15. Kh1 Nd7 16. a4 Nb6 17. Rfb1 Nc4 18. Bxc4 dxc4 19. Nxc6 Qxc6 20. Rb4 0-0 21. Qe2 Rac8 22. h3 Rfd8 23. Rd1 Rxd1+ 24. Qxd1 b6 25. Qd4 Kg7 26. Kh2 1/2-1/2

[Event "POL-ch U20"]
[Site "Sroda Wielkopolska"]
[Date "2007.02.05"]
[Round "10"]
[White "Wieclaw, Michal"]
[Black "Gumula, Daniel"]
[Result "0-1"]
[WhiteElo "2229"]
[BlackElo "2359"]
[PlyCount "112"]
[EventDate "2007.01.27"]
[EventType "tourn"]
[EventRounds "11"]
[EventCountry "POL"]
[EventCategory "5"]
[SourceTitle "EXT 2010"]
[Source "ChessBase"]
[SourceDate "2010.11.25"]
[SourceVersion "1"]
[SourceVersionDate "2010.11.25"]
[SourceQuality "1"]

1. d4 Nf6 2. Nf3 c5 3. c3 b6 4. Bf4 Bb7 5. Nbd2 d6 6. e3 Nbd7 7. Bc4 e6 8. h3 Be7 9. 0-0 0-0 10. Re1 Qc7 11. Qc2 Rac8 12. Rad1 a6 13. Qb1 h6 14. Bd3 b5 15. e4 e5 16. Bh2 Rfe8 17. dxe5 Nxe5 18. Bxe5 dxe5 19. c4 Bc6 20. Nf1 Nh5 21. Ne3 Nf4 22. Nd5 Qb8 23. b3 Ne6 24. Rc1 Bf8 25. Qb2 Nd4 26. Nxd4 cxd4 27. cxb5 axb5 28. b4 Qd6 29. Qb3 Red8 30. a3 g6 31. f3 Kg7 32. Rc2 Bxd5 33. Qxd5 Rxc2 34. Qxd6 Rxd6 35. Bxc2 Ra6 36. Ra1 Bxb4 37. Rb1 Bxa3 38. Rxb5 Bc1 39. Rb7 Be3+ 40. Kh2 Bf4+ 41. Kg1 Bg3 42. Bd3 Ra3 43. Bc4 Ra1+ 44. Bf1 h5 45. Rd7 Kf6 46. Rb7 Rd1 47. Rd7 Rc1 48. Ra7 h4 49. Rb7 Bf4 50. Kf2 Bg3+ 51. Kg1 Ra1 52. Rc7 Rb1 53. Rd7 Bf4 54. Kf2 Rb2+ 55. Ke1 Bg3+ 56. Kd1 Rb1+ 0-1

[Event "POL-ch U20"]
[Site "Sroda Wielkopolska"]
[Date "2007.02.04"]
[Round "9"]
[White "Tazbir, Marcin"]
[Black "Wieclaw, Michal"]
[Result "1-0"]
[WhiteElo "2423"]
[BlackElo "2229"]
[PlyCount "71"]
[EventDate "2007.01.27"]
[EventType "tourn"]
[EventRounds "11"]
[EventCountry "POL"]
[EventCategory "5"]
[SourceTitle "EXT 2010"]
[Source "ChessBase"]
[SourceDate "2010.11.25"]
[SourceVersion "1"]
[SourceVersionDate "2010.11.25"]
[SourceQuality "1"]

1. e4 e6 2. d3 d5 3. Qe2 Nf6 4. Nf3 Be7 5. e5 Nfd7 6. g3 c5 7. Bg2 Nc6 8. 0-0 Qc7 9. Re1 b6 10. c4 d4 11. Na3 a6 12. Nc2 Bb7 13. b4 h6 14. h4 0-0-0 15. b5 Na7 16. bxa6 Bxa6 17. a4 Nc6 18. Na3 Ndb8 19. Nb5 Qd7 20. Rb1 Rdg8 21. Nd6+ Bxd6 22. exd6 Qa7 23. a5 bxa5 24. Ne5 Nb4 25. d7+ Nxd7 26. Nxf7 e5 27. f4 Rh7 28. fxe5 g5 29. e6 Nf6 30. Qe5 Qc7 31. Qxf6 Qxg3 32. Qe5 Qxe5 33. Rxe5 Nxd3 34. Rd5 gxh4 35. Rd7 Rxf7 36. exf7 1-0

[Event "POL-chT 1st League"]
[Site "Opole"]
[Date "2006.09.05"]
[Round "4"]
[White "Wieclaw, Michal"]
[Black "Smagacz, Dariusz"]
[Result "0-1"]
[WhiteElo "2229"]
[BlackElo "2227"]
[PlyCount "144"]
[EventDate "2006.09.01"]
[EventType "team-tourn"]
[EventRounds "9"]
[EventCountry "POL"]
[SourceTitle "CBM 114 Extra"]
[Source "ChessBase"]
[SourceDate "2006.11.03"]
[SourceVersion "1"]
[SourceVersionDate "2006.11.03"]
[SourceQuality "1"]
[WhiteTeam "Poznan Lech"]
[BlackTeam "Gliwice Politechnika Slaska"]
[WhiteTeamCountry "POL"]
[BlackTeamCountry "POL"]

1. e4 c5 2. Nf3 d6 3. d4 cxd4 4. Nxd4 Nf6 5. Nc3 Nc6 6. Bg5 e6 7. Qd2 a6 8. 0-0-0 Bd7 9. Nxc6 Bxc6 10. f3 Qa5 11. Kb1 Rc8 12. Bc4 Be7 13. Bb3 b5 14. Bxf6 gxf6 15. Qh6 b4 16. Qg7 Rf8 17. Ne2 Qg5 18. Qxh7 a5 19. Bc4 Qxg2 20. Nd4 Bd7 21. Rhg1 Qf2 22. b3 Qe3 23. Qh5 Rc5 24. Qh7 a4 25. Qg7 Rh5 26. Rge1 Qc3 27. Ne2 Qxf3 28. Qg1 Rc5 29. Nd4 Qh5 30. Qg2 Rh8 31. Qd2 Rc8 32. Qxb4 Qc5 33. Qd2 Qe5 34. Nf3 Qc5 35. Qe2 Bd8 36. Qg2 Ba5 37. Re2 Ke7 38. Rd3 Rb8 39. Ka1 Qa3 40. Qf1 Rhc8 41. e5 Rxc4 42. Nd2 Rf4 43. exd6+ Qxd6 44. Qg1 Qc7 45. Ne4 axb3 46. axb3 Qe5+ 47. Kb1 Ra8 48. Rxd7+ Kf8 49. Qd4 Qxd4 50. Rxd4 Bc3 51. Nxc3 Rxd4 52. Nb5 Rh4 53. c4 Ke7 54. Kb2 Rah8 55. Kc3 Rxh2 56. Re1 f5 57. c5 R8h3+ 58. Kb4 Rb2 59. Nd4 Rh4 60. Kc3 Rf2 61. Nc6+ Kf6 62. Na5 Rf3+ 63. Kb2 Rh2+ 64. Ka3 Rc2 65. Kb4 Rh3 66. c6 Rh8 67. Kb5 Rb8+ 68. Nb7 Rc8 69. Na5 f4 70. b4 f3 71. Kb6 f2 72. Rb1 Rg8 0-1

[Event "POL-chT 1st League"]
[Site "Opole"]
[Date "2006.09.03"]
[Round "2"]
[White "Wieclaw, Michal"]
[Black "Orzech, Dominik"]
[Result "1/2-1/2"]
[WhiteElo "2229"]
[BlackElo "2370"]
[PlyCount "95"]
[EventDate "2006.09.01"]
[EventType "team-tourn"]
[EventRounds "9"]
[EventCountry "POL"]
[SourceTitle "CBM 114 Extra"]
[Source "ChessBase"]
[SourceDate "2006.11.03"]
[SourceVersion "1"]
[SourceVersionDate "2006.11.03"]
[SourceQuality "1"]
[WhiteTeam "Poznan Lech"]
[BlackTeam "Kozuchow Odrodzenie"]
[WhiteTeamCountry "POL"]
[BlackTeamCountry "POL"]

1. e4 c6 2. d4 d5 3. Nc3 dxe4 4. Nxe4 Nd7 5. Nf3 Ngf6 6. Ng3 e6 7. Bd3 Qc7 8. 0-0 Bd6 9. Qe2 0-0 10. Bg5 b6 11. Ne4 Nxe4 12. Qxe4 g6 13. Rae1 Bb7 14. Qh4 c5 15. Ne5 Nxe5 16. dxe5 Bxe5 17. Rxe5 Qxe5 18. Bf6 Qh5 19. Qxh5 gxh5 20. Re1 Rfd8 21. h4 Rd4 22. Bxd4 cxd4 23. Re5 h6 24. Rxh5 Kg7 25. Re5 Kf6 26. Rh5 Kg7 27. Re5 Rg8 28. Re2 Kf6 29. f3 Rc8 30. Kf2 Rc5 31. a4 Ke7 32. g4 Bc6 33. b3 Kf6 34. f4 Bd5 35. g5+ Kg7 36. Re5 f6 37. gxf6+ Kxf6 38. Rh5 Kg7 39. f5 e5 40. f6+ Kxf6 41. Rxh6+ Kg7 42. Rh7+ Kf6 43. Rh6+ Ke7 44. Rh7+ Kd6 45. Rh6+ Ke7 46. Rh7+ Kf8 47. Rh8+ Kf7 48. Rh7+ 1/2-1/2

[Event "Poznan op 15th"]
[Site "Poznan"]
[Date "2006.07.30"]
[Round "9"]
[White "Wieclaw, Michal"]
[Black "Czuchnicki, Adam"]
[Result "1-0"]
[WhiteElo "2229"]
[BlackElo "2125"]
[PlyCount "75"]
[EventDate "2006.07.22"]
[EventType "swiss"]
[EventRounds "9"]
[EventCountry "POL"]
[SourceTitle "EXT 2008"]
[Source "ChessBase"]
[SourceDate "2007.11.25"]
[SourceVersion "1"]
[SourceVersionDate "2007.11.25"]
[SourceQuality "1"]

1. e4 c5 2. Nf3 d6 3. d4 Nf6 4. Nc3 cxd4 5. Nxd4 a6 6. Be2 e6 7. Be3 b5 8. f3 Nbd7 9. g4 Nb6 10. Qd2 Bb7 11. 0-0-0 Nfd7 12. Nb3 Rc8 13. Na5 Qc7 14. Bf4 e5 15. Nxb7 Qxb7 16. Be3 Qc6 17. Kb1 Be7 18. h4 Nc5 19. g5 Nca4 20. Nd5 Nxd5 21. exd5 Qd7 22. f4 exf4 23. Bxf4 0-0 24. Rdg1 Qb7 25. h5 Rc5 26. Bf3 Rfc8 27. Be4 g6 28. hxg6 fxg6 29. Bxg6 Qxd5 30. Bxh7+ Kf8 31. Qxd5 Rxd5 32. Be4 Rd4 33. Rh8+ Kg7 34. Rh7+ Kf8 35. g6 Bf6 36. Bh6+ Ke8 37. g7 Bxg7 38. Rgxg7 1-0

[Event "Poznan op 15th"]
[Site "Poznan"]
[Date "2006.07.27"]
[Round "6"]
[White "Owczarzak, Jerzy"]
[Black "Wieclaw, Michal"]
[Result "1-0"]
[WhiteElo "2380"]
[BlackElo "2229"]
[PlyCount "71"]
[EventDate "2006.07.22"]
[EventType "swiss"]
[EventRounds "9"]
[EventCountry "POL"]
[SourceTitle "EXT 2008"]
[Source "ChessBase"]
[SourceDate "2007.11.25"]
[SourceVersion "1"]
[SourceVersionDate "2007.11.25"]
[SourceQuality "1"]

1. e4 e6 2. d4 d5 3. Nd2 Nf6 4. e5 Nfd7 5. Bd3 c5 6. c3 Nc6 7. Ne2 Qb6 8. Nf3 f6 9. exf6 Nxf6 10. 0-0 Bd6 11. b3 cxd4 12. cxd4 0-0 13. Bf4 Bxf4 14. Nxf4 Kh8 15. Ng5 g6 16. Bxg6 hxg6 17. Nxg6+ Kg7 18. Nxf8 Kxf8 19. Qd3 Ne7 20. Qh3 Kg7 21. Qg3 Ng6 22. Rac1 Bd7 23. Rfe1 Qxd4 24. Rc7 Re8 25. Qd6 Nf8 26. h3 Qb6 27. Qg3 e5 28. Rxe5 Rxe5 29. Qxe5 Kg6 30. Rc3 Ne6 31. Rg3 Nxg5 32. Qxg5+ Kf7 33. Qg7+ Ke6 34. Rg6 Ke5 35. g4 Be8 36. Qe7+ 1-0

[Event "Poznan op 15th"]
[Site "Poznan"]
[Date "2006.07.24"]
[Round "3"]
[White "Wieclaw, Michal"]
[Black "Koziak, Vitali"]
[Result "0-1"]
[WhiteElo "2229"]
[BlackElo "2495"]
[PlyCount "84"]
[EventDate "2006.07.22"]
[EventType "swiss"]
[EventRounds "9"]
[EventCountry "POL"]
[SourceTitle "EXT 2008"]
[Source "ChessBase"]
[SourceDate "2007.11.25"]
[SourceVersion "1"]
[SourceVersionDate "2007.11.25"]
[SourceQuality "1"]

1. e4 c5 2. Nf3 e6 3. d4 cxd4 4. Nxd4 Nf6 5. Nc3 Nc6 6. Be2 Bb4 7. Nxc6 bxc6 8. 0-0 d5 9. e5 Nd7 10. Qd4 Qe7 11. a3 Bc5 12. Qa4 0-0 13. Bf4 Bb7 14. Rae1 f6 15. exf6 Qxf6 16. Bg4 Qxf4 17. Bxe6+ Kh8 18. Qxf4 Rxf4 19. Bxd7 Raf8 20. Nd1 Ba6 21. Bxc6 Bxf1 22. Rxf1 Rd4 23. Bb5 Rd2 24. Bd3 g6 25. g4 Rf4 26. h3 h5 27. gxh5 gxh5 28. Re1 Rfxf2 29. Nxf2 Bxf2+ 30. Kf1 Bxe1 31. Kxe1 Rh2 32. Bf5 Kg7 33. Kd1 Kf6 34. Bc8 Ke5 35. a4 Kd6 36. Kc1 Kc5 37. Kb1 Kb4 38. Bd7 Rh1+ 39. Ka2 d4 40. a5 Rh2 41. Bf5 Rf2 42. Bg6 h4 0-1

[Event "POL-chT 2nd League"]
[Site "Wysowa"]
[Date "2005.08.30"]
[Round "4.14"]
[White "Wieclaw, Michal"]
[Black "Gunajew, Rafal"]
[Result "0-1"]
[WhiteElo "2193"]
[BlackElo "2258"]
[PlyCount "96"]
[EventDate "2005.08.27"]
[EventType "team-swiss"]
[EventRounds "9"]
[EventCountry "POL"]
[SourceTitle "EXT 2019"]
[Source "ChessBase"]
[SourceDate "2018.10.10"]
[SourceVersion "1"]
[SourceVersionDate "2018.10.10"]
[SourceQuality "1"]
[WhiteTeam "Poznan Lech"]
[BlackTeam "Krakow KKSz 1893"]
[WhiteTeamCountry "POL"]
[BlackTeamCountry "POL"]

1. e4 c5 2. Nf3 d6 3. d4 cxd4 4. Nxd4 Nf6 5. Nc3 a6 6. Be2 e6 7. Be3 Be7 8. 0-0 Qc7 9. a4 Nc6 10. f4 0-0 11. Kh1 Bd7 12. Qe1 Nb4 13. Qg3 Rad8 14. Bd3 e5 15. fxe5 dxe5 16. Bh6 Nh5 17. Qf3 exd4 18. Qxh5 Be6 19. Bf4 Qc5 20. Qxc5 Bxc5 21. Ne2 Rfe8 22. Bd2 Nxc2 23. Bxc2 d3 24. Bxd3 Rxd3 25. Bc3 Re3 26. Ng3 g6 27. Rf3 Rd8 28. Rxe3 Bxe3 29. Re1 Bf2 30. Rf1 Bc5 31. e5 Bd5 32. a5 Kf8 33. h3 Bc6 34. Kh2 Ke8 35. Rf4 Be3 36. Rh4 h5 37. Nf1 Bg5 38. Rd4 Rxd4 39. Bxd4 Kd7 40. Ne3 Ke6 41. Kg3 Bd8 42. b4 Bc7 43. Nc4 Bd5 44. Nd6 f6 45. Bc5 fxe5 46. Ne8 Bb8 47. Kf2 Bc6 48. Ng7+ Kf7 0-1

[Event "POL-chT 2nd League"]
[Site "Wysowa"]
[Date "2005.08.29"]
[Round "3.20"]
[White "Grochowalski, Pawel"]
[Black "Wieclaw, Michal"]
[Result "1/2-1/2"]
[WhiteElo "2156"]
[BlackElo "2193"]
[PlyCount "55"]
[EventDate "2005.08.27"]
[EventType "team-swiss"]
[EventRounds "9"]
[EventCountry "POL"]
[SourceTitle "EXT 2019"]
[Source "ChessBase"]
[SourceDate "2018.10.10"]
[SourceVersion "1"]
[SourceVersionDate "2018.10.10"]
[SourceQuality "1"]
[WhiteTeam "Wloclawek Leszczynski"]
[BlackTeam "Poznan Lech"]
[WhiteTeamCountry "POL"]
[BlackTeamCountry "POL"]

1. Nf3 Nf6 2. d3 c5 3. c4 g6 4. Nc3 Bg7 5. g3 d5 6. cxd5 Nxd5 7. Nxd5 Qxd5 8. Bg2 0-0 9. 0-0 Nc6 10. Be3 Qd6 11. Qc1 Nd4 12. Nxd4 cxd4 13. Bh6 Qb6 14. Bxg7 Kxg7 15. Qd2 Be6 16. Rfc1 Rfc8 17. a3 a5 18. Rxc8 Rxc8 19. Rc1 Rxc1+ 20. Qxc1 Qb3 21. h3 b5 22. Kh2 h6 23. Bf3 b4 24. axb4 axb4 25. h4 Kh7 26. Kg2 Kg7 27. Kh2 h5 28. Kg2 1/2-1/2

[Event "Kochan Memorial op-A 16th"]
[Site "Koszalin"]
[Date "2005.08.??"]
[Round "7"]
[White "Skawinski, Arkadiusz"]
[Black "Wieclaw, Michal"]
[Result "1/2-1/2"]
[WhiteElo "2179"]
[BlackElo "2193"]
[PlyCount "51"]
[EventDate "2005.08.??"]
[EventType "swiss"]
[EventRounds "10"]
[EventCountry "POL"]
[SourceTitle "EXT 2006"]
[Source "ChessBase"]
[SourceDate "2005.11.24"]
[SourceVersion "1"]
[SourceVersionDate "2005.11.24"]
[SourceQuality "1"]

1. e4 c6 2. d4 d5 3. e5 Bf5 4. Nc3 e6 5. g4 Bg6 6. Nge2 c5 7. h4 h5 8. Nf4 Nc6 9. Nxg6 fxg6 10. Ne2 Qb6 11. Nf4 cxd4 12. Nxg6 Bb4+ 13. Ke2 Nge7 14. Nxh8 Nxe5 15. f4 d3+ 16. cxd3 Nxg4 17. d4 Nf5 18. Kf3 Nxd4+ 19. Kg2 Rc8 20. Bd3 Nc2 21. Qe2 Nd4 22. Qf1 Nc2 23. Qe2 Nd4 24. Qf1 Nc2 25. Qe2 Nd4 26. Qd1 1/2-1/2

[Event "Kochan Memorial op-A 16th"]
[Site "Koszalin"]
[Date "2005.08.??"]
[Round "1"]
[White "Wieclaw, Michal"]
[Black "Gajdzica, Maciej"]
[Result "1-0"]
[WhiteElo "2193"]
[BlackElo "2052"]
[PlyCount "93"]
[EventDate "2005.08.??"]
[EventType "swiss"]
[EventRounds "10"]
[EventCountry "POL"]
[SourceTitle "EXT 2006"]
[Source "ChessBase"]
[SourceDate "2005.11.24"]
[SourceVersion "1"]
[SourceVersionDate "2005.11.24"]
[SourceQuality "1"]

1. e4 c5 2. Nf3 Nc6 3. d4 cxd4 4. Nxd4 Nf6 5. Nc3 e5 6. Ndb5 d6 7. Bg5 a6 8. Na3 b5 9. Nd5 Be7 10. Bxf6 Bxf6 11. c3 Bg5 12. Nc2 Rb8 13. Be2 0-0 14. 0-0 Bh6 15. Kh1 g6 16. Ndb4 Nxb4 17. Nxb4 Bb7 18. Bf3 f5 19. Nd5 Ba8 20. b4 Kh8 21. a4 a5 22. bxa5 bxa4 23. Rxa4 Rb2 24. Qa1 Rd2 25. Nb6 fxe4 26. Bxe4 Bxe4 27. Rxe4 Rfxf2 28. Rxf2 Rxf2 29. a6 Qxb6 30. a7 Qxa7 31. Qxa7 Rf1+ 32. Qg1 Rxg1+ 33. Kxg1 Bd2 34. Rc4 d5 35. Rc7 d4 36. c4 e4 37. Re7 e3 38. c5 Bb4 39. Re8+ Kg7 40. c6 Ba5 41. Kf1 Kf7 42. Re4 Bb6 43. Rxd4 Ke6 44. Rd7 h5 45. Ke2 g5 46. Rg7 Kf6 47. Rb7 1-0

[Event "Kochan Memorial op-A 16th"]
[Site "Koszalin"]
[Date "2005.08.??"]
[Round "9"]
[White "Wieclaw, Michal"]
[Black "Galazewski, Tomasz"]
[Result "1-0"]
[WhiteElo "2193"]
[BlackElo "2173"]
[PlyCount "29"]
[EventDate "2005.08.??"]
[EventType "swiss"]
[EventRounds "10"]
[EventCountry "POL"]
[SourceTitle "EXT 2006"]
[Source "ChessBase"]
[SourceDate "2005.11.24"]
[SourceVersion "1"]
[SourceVersionDate "2005.11.24"]
[SourceQuality "1"]

1. e4 c5 2. Nf3 d6 3. d4 cxd4 4. Nxd4 Nf6 5. Nc3 Nc6 6. Bg5 Qb6 7. Nb3 e6 8. Bd3 Be7 9. 0-0 0-0 10. Kh1 a6 11. Qe2 Bd7 12. f4 h6 13. Bh4 Nxe4 14. Qxe4 f5 15. Qe1 1-0

[Event "POL-chT 60th 1st League"]
[Site "Ustron"]
[Date "2004.09.11"]
[Round "8"]
[White "Wieczorek, Zbigniew"]
[Black "Wieclaw, Michal"]
[Result "1-0"]
[WhiteElo "2305"]
[BlackElo "2169"]
[PlyCount "40"]
[EventDate "2004.09.04"]
[EventType "team-tourn"]
[EventRounds "9"]
[EventCountry "POL"]
[SourceTitle "EXT 2007"]
[Source "ChessBase"]
[SourceDate "2006.11.23"]
[SourceVersion "1"]
[SourceVersionDate "2006.11.23"]
[SourceQuality "1"]
[WhiteTeam "Raciborz Rzemioslo"]
[BlackTeam "Poznan Lech"]
[WhiteTeamCountry "POL"]
[BlackTeamCountry "POL"]

1. d4 Nf6 2. c4 c5 3. d5 b5 4. cxb5 a6 5. b6 d6 6. Nc3 Nbd7 7. a4 a5 8. e4 g6 9. Nf3 Bg7 10. Bb5 0-0 11. 0-0 Bb7 12. Bg5 Nxb6 13. Qd2 Qc7 14. Bh6 Rad8 15. Bd3 Ra8 16. Rfe1 Rfd8 17. Bxg7 Kxg7 18. Nb5 Qd7 19. Qc3 h6 20. b3 Kh7 1-0

[Event "POL-chT 60th 1st League"]
[Site "Ustron"]
[Date "2004.09.10"]
[Round "7"]
[White "Liwak, Przemyslaw"]
[Black "Wieclaw, Michal"]
[Result "1/2-1/2"]
[WhiteElo "2332"]
[BlackElo "2169"]
[PlyCount "58"]
[EventDate "2004.09.04"]
[EventType "team-tourn"]
[EventRounds "9"]
[EventCountry "POL"]
[SourceTitle "EXT 2007"]
[Source "ChessBase"]
[SourceDate "2006.11.23"]
[SourceVersion "1"]
[SourceVersionDate "2006.11.23"]
[SourceQuality "1"]
[WhiteTeam "Gorzow Wielkopolski Stilon"]
[BlackTeam "Poznan Lech"]
[WhiteTeamCountry "POL"]
[BlackTeamCountry "POL"]

1. e4 e6 2. d4 d5 3. Nd2 Nf6 4. e5 Nfd7 5. Bd3 c5 6. c3 Nc6 7. Ne2 a5 8. 0-0 a4 9. Nf3 a3 10. b3 cxd4 11. cxd4 Nb4 12. Bb1 b6 13. Bg5 Be7 14. Bxe7 Qxe7 15. Nf4 Ba6 16. Nd3 Rc8 17. Qd2 Bxd3 18. Bxd3 0-0 19. Rac1 Nb8 20. Bb1 h6 21. Rc3 Rxc3 22. Qxc3 N8c6 23. h4 Rc8 24. Rc1 Qf8 25. Qd2 Rc7 26. h5 Qc8 27. Ne1 Qd8 28. Nd3 Nxd3 29. Qxd3 Nxd4 1/2-1/2

[Event "POL-chT 60th 1st League"]
[Site "Ustron"]
[Date "2004.09.06"]
[Round "3"]
[White "Wieclaw, Michal"]
[Black "Tworuszka, Michal"]
[Result "1/2-1/2"]
[WhiteElo "2169"]
[BlackElo "2321"]
[PlyCount "46"]
[EventDate "2004.09.04"]
[EventType "team-tourn"]
[EventRounds "9"]
[EventCountry "POL"]
[SourceTitle "EXT 2007"]
[Source "ChessBase"]
[SourceDate "2006.11.23"]
[SourceVersion "1"]
[SourceVersionDate "2006.11.23"]
[SourceQuality "1"]
[WhiteTeam "Poznan Lech"]
[BlackTeam "Gliwice Politechnika Slaska"]
[WhiteTeamCountry "POL"]
[BlackTeamCountry "POL"]

1. e4 e5 2. Nf3 Nc6 3. Bb5 a6 4. Ba4 Nf6 5. 0-0 Be7 6. Re1 b5 7. Bb3 d6 8. a4 Rb8 9. axb5 axb5 10. c3 0-0 11. d4 exd4 12. cxd4 Bg4 13. Be3 d5 14. e5 Ne4 15. Nc3 Nxc3 16. bxc3 Rb6 17. Qd3 Bh5 18. Nd2 Qd7 19. f4 Bg6 20. Qe2 Bf5 21. h3 Bh4 22. g4 Bxe1 23. Rxe1 Ne7 1/2-1/2

[Event "Poznan op-A"]
[Site "Poznan"]
[Date "2004.07.23"]
[Round "8"]
[White "Pedzich, Dominik"]
[Black "Wieclaw, Michal"]
[Result "1-0"]
[WhiteElo "2436"]
[BlackElo "2169"]
[PlyCount "107"]
[EventDate "2004.07.17"]
[EventType "swiss"]
[EventRounds "9"]
[EventCountry "POL"]
[SourceTitle "EXT 2008"]
[Source "ChessBase"]
[SourceDate "2007.11.25"]
[SourceVersion "1"]
[SourceVersionDate "2007.11.25"]
[SourceQuality "1"]

1. e4 e6 2. d4 d5 3. Nc3 Nf6 4. e5 Nfd7 5. f4 c5 6. Nf3 Nc6 7. Be3 a6 8. Be2 b5 9. 0-0 cxd4 10. Nxd4 Bc5 11. Bf3 Qb6 12. Nce2 0-0 13. a3 a5 14. c3 a4 15. Qc2 Na5 16. Bf2 f6 17. Rad1 Re8 18. Bh5 Rf8 19. Bg4 Re8 20. Bh5 Rf8 21. Bf3 Re8 22. Nxe6 Rxe6 23. Bxd5 Bb7 24. Qd3 Bxf2+ 25. Rxf2 Nc5 26. Bxe6+ Nxe6 27. exf6 Nc5 28. f7+ Kxf7 29. Qxh7 Ne4 30. Rd7+ Ke8 31. Rd4 Nxf2 32. Qg8+ Ke7 33. Qxg7+ Ke8 34. Qh8+ Ke7 35. Qh4+ Kf8 36. Qxf2 Nb3 37. Rd7 Qxf2+ 38. Kxf2 Bc6 39. Rc7 Bd5 40. f5 Re8 41. Nf4 Bc4 42. Ng6+ Kg8 43. f6 Bf7 44. Ne7+ Kh7 45. g4 Nd2 46. Ke3 Nc4+ 47. Kf4 Nxb2 48. g5 Nc4 49. h4 Bg6 50. Nxg6+ Kxg6 51. Rg7+ Kh5 52. f7 Rf8 53. g6 Nb6 54. Kf5 1-0